[Event "Niedersachsen-ch Seniors 36th"]
[Site "Wingst"]
[Date "2002.03.??"]
[Round "9"]
[White "Betzen, Wolfgang"]
[Black "Niebuhr, Gerd"]
[Result "1/2-1/2"]
[WhiteElo "1769"]
[BlackElo "1949"]
[PlyCount "94"]
[EventDate "2002.03.??"]
[EventType "swiss"]
[EventRounds "9"]
[EventCountry "GER"]
[SourceTitle "EXT 2006"]
[Source "ChessBase"]
[SourceDate "2005.11.24"]
[SourceVersion "1"]
[SourceVersionDate "2005.11.24"]
[SourceQuality "1"]

1. e4 e5 2. Nf3 Nc6 3. Nc3 Nf6 4. d4 exd4 5. Nxd4 Bb4 6. Bg5 h6 7. Nxc6 bxc6 8. Bd2 0-0 9. Bd3 Re8 10. 0-0 Bxc3 11. Bxc3 Nxe4 12. Bd4 d5 13. f3 Nd6 14. Qd2 Bf5 15. Rae1 Qg5 16. Qxg5 hxg5 17. Bxf5 Nxf5 18. Bc5 a6 19. Kf2 f6 20. Rxe8+ Rxe8 21. Re1 Rxe1 22. Kxe1 Kf7 23. Ke2 Ke6 24. c3 Nd6 25. b3 Nb7 26. Bf2 c5 27. Kd3 Kd6 28. Bg3+ Kc6 29. Bf2 Nd6 30. g4 c4+ 31. Kd2 cxb3 32. axb3 Kb5 33. Bg3 Ne8 34. f4 gxf4 35. Bxf4 c5 36. h4 a5 37. g5 fxg5 38. hxg5 g6 39. Be5 Kc6 40. Kd3 Nd6 41. Bf4 Nf5 42. Bd2 Kb5 43. c4+ dxc4+ 44. bxc4+ Kb6 45. Ke4 a4 46. Bc1 Kc6 47. Ke5 Nh4 1/2-1/2

[Event "Niedersachsen-ch Seniors 36th"]
[Site "Wingst"]
[Date "2002.03.??"]
[Round "2"]
[White "Mann, Klaus Dieter"]
[Black "Betzen, Wolfgang"]
[Result "1-0"]
[WhiteElo "1998"]
[BlackElo "1769"]
[PlyCount "93"]
[EventDate "2002.03.??"]
[EventType "swiss"]
[EventRounds "9"]
[EventCountry "GER"]
[SourceTitle "EXT 2006"]
[Source "ChessBase"]
[SourceDate "2005.11.24"]
[SourceVersion "1"]
[SourceVersionDate "2005.11.24"]
[SourceQuality "1"]

1. e4 Nf6 2. e5 Nd5 3. d4 d6 4. Nf3 Bg4 5. Be2 e6 6. 0-0 Nc6 7. exd6 Bxd6 8. c3 0-0 9. h3 Bh5 10. Ne5 Bxe2 11. Qxe2 Nxe5 12. dxe5 Be7 13. Rd1 Qc8 14. c4 Nb6 15. Be3 c5 16. Nc3 Qc6 17. f3 Rfd8 18. b3 Rxd1+ 19. Rxd1 Rd8 20. Rd3 Rxd3 21. Qxd3 Qd7 22. Qc2 Qc6 23. Kf2 Nd7 24. Bf4 a6 25. Qe2 Qc7 26. Bg3 Nb8 27. Kf1 Nc6 28. f4 Qd7 29. Bf2 Qd8 30. g3 Nb4 31. Be1 Qd4 32. Qe4 Qxe4 33. Nxe4 Nxa2 34. Bd2 Nb4 35. Ke2 Kf8 36. Bxb4 cxb4 37. c5 Ke8 38. Kd3 Kd7 39. Kc4 Kc6 40. g4 f6 41. Kxb4 fxe5 42. fxe5 Kd5 43. Nd6 Kxe5 44. Nxb7 Kd5 45. Ka5 e5 46. Kb6 e4 47. c6 1-0

[Event "Niedersachsen-ch Seniors 35th"]
[Site "Wingst"]
[Date "2001.04.08"]
[Round "6"]
[White "Neuhoff, Robert"]
[Black "Betzen, Wolfgang"]
[Result "1-0"]
[WhiteElo "2041"]
[BlackElo "1782"]
[PlyCount "95"]
[EventDate "2001.04.??"]
[EventType "swiss"]
[EventRounds "9"]
[EventCountry "GER"]
[SourceTitle "EXT 2006"]
[Source "ChessBase"]
[SourceDate "2005.11.24"]
[SourceVersion "1"]
[SourceVersionDate "2005.11.24"]
[SourceQuality "1"]

1. d4 d5 2. Bf4 Bf5 3. e3 e6 4. Nd2 Bd6 5. Bxd6 Qxd6 6. f4 Nf6 7. Be2 Nbd7 8. c3 c5 9. g3 cxd4 10. exd4 Rc8 11. Ngf3 Ne4 12. Nxe4 Bxe4 13. 0-0 f5 14. Ne5 0-0 15. Qd2 g5 16. Nxd7 Qxd7 17. fxg5 Kh8 18. Rf4 Rf7 19. Rh4 Rg7 20. Rh6 Rg6 21. h4 Rcg8 22. Rxg6 hxg6 23. Qf4 Rg7 24. a4 a5 25. Bb5 Qc7 26. Kf2 e5 27. Qxe5 Qxe5 28. dxe5 Re7 29. Ke3 Rxe5 30. Kd4 Re7 31. Re1 Kg7 32. Re3 Re6 33. b4 axb4 34. cxb4 Kf8 35. a5 Ke7 36. Bf1 Rc6 37. Rc3 Rxc3 38. Kxc3 Kd6 39. Kd4 Bc2 40. b5 Be4 41. a6 bxa6 42. bxa6 Kc6 43. Bd3 Bf3 44. Bb5+ Kb6 45. Be8 f4 46. gxf4 Be4 47. Bb5 Ka7 48. Bd3 1-0

[Event "Niedersachsen-ch Seniors 35th"]
[Site "Wingst"]
[Date "2001.04.05"]
[Round "3"]
[White "Ousatchi, Mark"]
[Black "Betzen, Wolfgang"]
[Result "1/2-1/2"]
[WhiteElo "2090"]
[BlackElo "1782"]
[PlyCount "35"]
[EventDate "2001.04.??"]
[EventType "swiss"]
[EventRounds "9"]
[EventCountry "GER"]
[SourceTitle "EXT 2006"]
[Source "ChessBase"]
[SourceDate "2005.11.24"]
[SourceVersion "1"]
[SourceVersionDate "2005.11.24"]
[SourceQuality "1"]

1. d4 d5 2. c4 e6 3. Nc3 Nf6 4. Bg5 Be7 5. Nf3 0-0 6. e3 Nbd7 7. a3 h6 8. Bh4 c5 9. Qb3 cxd4 10. exd4 dxc4 11. Bxc4 Nb6 12. Be2 Bd7 13. 0-0 Bc6 14. Bg3 Rc8 15. Rfd1 Ne4 16. Rdc1 Nxc3 17. bxc3 Bd5 18. Qd1 1/2-1/2